| 000 | 00685cam a2200241 4500500 | ||
|---|---|---|---|
| 005 | 20260405001756.0 | ||
| 041 | _afre | ||
| 042 | _adc | ||
| 100 | 1 | 0 |
_aDuru, Martin _eauthor |
| 700 | 1 | 0 |
_aDuru, Martin _eauthor |
| 245 | 0 | 0 | _aSept conceptions de l’instant |
| 260 | _c2014. | ||
| 500 | _a94 | ||
| 690 | _aAndré Comte-Sponville | ||
| 690 | _aHorace | ||
| 690 | _aInstant | ||
| 690 | _aKierkegaard | ||
| 690 | _aMontaigne | ||
| 690 | _aNietzsche | ||
| 690 | _aSénèque | ||
| 786 | 0 | _nPhilosophie magazine | 81 | 7 | 2014-07-01 | p. 41-41 | 1951-1787 | |
| 856 | 4 | 1 | _uhttps://shs.cairn.info/magazine-philosophie-magazine-2014-7-page-41?lang=fr&redirect-ssocas=7080 |
| 999 |
_c2050976 _d2050976 |
||